Methods in Banach space theory : proceedings of the V Conference on Banach Spaces, Cáceres, Spain, 13-18 September 2004 (Record no. 18030)

MARC details
000 -LEADER
fixed length control field 00821nam a2200229 a 4500
001 - CONTROL NUMBER
control field 155588
003 - CONTROL NUMBER IDENTIFIER
control field OSt
005 - DATE AND TIME OF LATEST TRANSACTION
control field 20210921165242.0
008 - FIXED-LENGTH DATA ELEMENTS--GENERAL INFORMATION
fixed length control field 180309 ### HIN
020 ## - INTERNATIONAL STANDARD BOOK NUMBER
International Standard Book Number 9781498736879
082 ## - DEWEY DECIMAL CLASSIFICATION NUMBER
Classification number 515.732
Item number M56M
245 ## - TITLE STATEMENT
Title Methods in Banach space theory : proceedings of the V Conference on Banach Spaces, Cáceres, Spain, 13-18 September 2004
Statement of responsibility, etc edited by Jesus M. F. Castillo and William B. Johnson
260 ## - PUBLICATION, DISTRIBUTION, ETC. (IMPRINT)
Place of publication, distribution, etc Cambridge
Name of publisher, distributor, etc Cambridge University Prees
Date of publication, distribution, etc 2006
300 ## - PHYSICAL DESCRIPTION
Extent x, 357p.
490 ## - SERIES STATEMENT
Series statement London Mathematical Society lecture note series; 337
653 ## - INDEX TERM--UNCONTROLLED
Uncontrolled term Banach spaces--Methodology--Congresses
653 ## - INDEX TERM--UNCONTROLLED
Uncontrolled term Banach, Espaces de--Congress
653 ## - INDEX TERM--UNCONTROLLED
Uncontrolled term Banach-Raum
700 ## - ADDED ENTRY--PERSONAL NAME
Personal name Castillo, Jesús M. F.
Relator term Editor
700 ## - ADDED ENTRY--PERSONAL NAME
Personal name Johnson, William B.
Relator term Editor
942 ## - ADDED ENTRY ELEMENTS (KOHA)
Source of classification or shelving scheme Dewey Decimal Classification
Koha item type Books
Holdings
Withdrawn status Lost status Source of classification or shelving scheme Damaged status Not for loan Collection code Home library Current library Date acquired Source of acquisition Full call number Barcode Date last seen Price effective from Koha item type
    Dewey Decimal Classification     General Text Book Central University Of Rajasthan Central University Of Rajasthan 09/03/2018 MTH 515.732 M56M 30476 02/09/2020 02/09/2020 Books